[Event "45th Olympiad 2024"]
[Site "Budapest HUN"]
[Date "2024.09.22"]
[Round "11.86"]
[Board "1"]
[White "Mahamat Hachim Bachar"]
[Black "Kabamwanishi, Mashala"]
[Result "0-1"]
[WhiteElo "1872"]
[BlackElo "1914"]
[PlyCount "114"]
[EventDate "2024.09.11"]
[WhiteTeam "Chad"]
[BlackTeam "Democratic Republic of the Congo"]
[WhiteTeamCountry "CHD"]

1. e4 c5 2. Nc3 d6 3. Nge2 Nc6 4. g3 h5 ({RR} 4... g6 5. d4 cxd4 6. Nxd4 Bg7 7. Be3 Nf6 8. h3 O-O 9. Bg2 Nxd4 10. Bxd4 Be6 11. O-O a6 12. a4 Rc8 13. a5 Rc4 14. Be3 Qc8 15. Kh2 Nd7 16. Nd5 Bxd5 17. Qxd5 Bxb2 18. Rab1 Rxc2 19. Qb3 {1-0 Andreikin,D (2725)-Gupta,A (2612) Titled Tuesday intern op 26th Jan blitz 2021 (8)}) 5. h4 $146 ({RR} 5. h3 e5 6. Bg2 Be6 7. d3 g6 8. Nd5 Bg7 9. c3 Qd7 10. a3 O-O-O 11. b4 f5 12. Qa4 Nf6 13. Rb1 fxe4 14. dxe4 Qf7 15. b5 Nb8 16. c4 Rdf8 17. O-O b6 18. Bg5 Qd7 19. Bxf6 Bxf6 {½-½ Larsen,O (2226)-Vinter Schou,U (2380) DEN-chT 0607 2006 (5.4)}) ({RR} 5. h3 g6 6. Bg2 Bg7 7. d3 Rb8 8. a4 a6 9. Be3 e5 10. O-O b5 11. axb5 axb5 12. f4 exf4 13. gxf4 b4 14. Nd5 Bxb2 15. f5 Nge7 16. Nef4 gxf5 17. Nxh5 Nxd5 18. exd5 Ne5 19. Ra7 Rg8 {0-1 Danielyan,V (2307)-Tatarinov,D (2310) Titled Tue 7th Feb Late 2023 (6)}) ({RR} 5. h3 e5 6. Bg2 h4 7. g4 g6 8. d3 Bh6 9. f4 f5 10. g5 Bg7 11. Be3 Nge7 12. Qd2 Qa5 13. exf5 Nxf5 14. fxe5 Nxe3 15. Qxe3 Bxe5 16. Bxc6+ bxc6 17. Qe4 Bd7 18. Qxg6+ Kd8 19. O-O-O Rb8 {1-0 Steffens,O (2315)-Roehl,R (2195) Strelasund op 1998}) ({RR} 5. d4 Bg4 6. dxc5 dxc5 7. Qxd8+ Rxd8 8. Bg2 Nb4 9. O-O Nxc2 10. Rb1 e5 11. h3 Be6 12. f4 Bd6 13. fxe5 Bxe5 14. Bf4 Bxf4 15. Nxf4 Ne3 16. Nxe6 fxe6 17. Rf3 h4 18. g4 Ne7 19. e5 Nxg2 {0-1 Tautiva,C (2027)-Panesso Rivera,H (2354) Medellin Flores op 23rd 2016 (1)}) 5... g6 6. d4 cxd4 7. Nxd4 Bg7 8. Be3 Nf6 9. f3 Bd7 10. Qd2 Rc8 11. O-O-O a6 12. Kb1 Ne5 13. f4 Neg4 14. Bg1 Rxc3 15. Qxc3 Nxe4 16. Qf3 d5 17. Bd3 O-O 18. Bxe4 dxe4 19. Qe2 e5 20. Nb3 Bb5 21. Rxd8 Bxe2 22. Rxf8+ Bxf8 23. Bc5 exf4 24. gxf4 e3 25. Bxf8 Kxf8 26. Re1 Bf3 27. Nd4 Be4 28. b3 Ke7 29. Kb2 Kd6 30. c4 f6 31. Kc3 g5 32. fxg5 fxg5 33. hxg5 Ke5 34. Ne2 Bg6 35. Rf1 Nf2 36. Rg1 Ke4 37. c5 h4 38. a4 h3 39. Ng3+ Kf3 40. Nf1 Nd1+ 41. Kd4 Kf2 42. Rh1 e2 43. Nh2 e1=Q 44. Rxe1 Kxe1 45. b4 Nb2 46. b5 Nxa4 47. c6 bxc6 48. bxc6 Nb6 49. Ke5 a5 50. Kf6 Be4 51. c7 a4 52. g6 Bxg6 53. Kxg6 a3 54. Nf3+ Kf2 55. Ne5 a2 56. Nc4 Nc8 57. Nd6 Nxd6 0-1

[Event "45th Olympiad 2024"]
[Site "Budapest HUN"]
[Date "2024.09.22"]
[Round "11.86"]
[Board "2"]
[White "Mimbasa Kutesa, Willy"]
[Black "Abdelaziz Bokhit, Badjoiri"]
[Result "1/2-1/2"]
[WhiteElo "1848"]
[BlackElo "1778"]
[PlyCount "81"]
[EventDate "2024.09.11"]
[WhiteTeam "Democratic Republic of the Congo"]
[BlackTeam "Chad"]
[BlackTeamCountry "CHD"]

1. e4 e5 2. Bc4 c6 3. Nf3 d5 4. exd5 cxd5 5. Bb5+ Bd7 6. Qe2 e4 7. Nc3 Nf6 8. Ne5 Nc6 9. Nxd7 $146 ({RR} 9. Bxc6 Bxc6 10. a3 Be7 11. d4 Nd7 12. Ng4 Qb6 13. Qd1 O-O-O 14. Ne3 Nf8 15. Qg4+ Ne6 16. Nf5 Bf6 17. Ne2 h5 18. Qg3 h4 19. Qc3 g6 {½-½ Andonov,M-Lazovski,K (1395) FRM-chT2 Gp-B 2022 (3.6)}) 9... Qxd7 10. d3 Bb4 11. O-O O-O 12. Bg5 Qd6 13. Bxf6 gxf6 14. Qe3 d4 15. Qxe4 dxc3 16. bxc3 Bxc3 17. Rad1 Nd4 18. Bc4 b5 19. Bd5 Rae8 20. Qg4+ Kh8 21. Be4 f5 22. Bxf5 Nxf5 23. Qxf5 b4 24. d4 Re6 25. Rd3 Re2 26. Rh3 Qg6 27. Qc5 Rfe8 28. Qb5 Re1 29. Re3 R8xe3 30. fxe3 Rxe3 31. Qb8+ Kg7 32. Qxa7 Re2 33. g3 Rxc2 34. Qc5 Qe4 35. Qg5+ Kf8 36. Qc5+ Qe7 37. Qc8+ Kg7 38. Qg4+ Kf8 39. Qc8+ Qe8 40. Qc5+ Qe7 41. Qc8+ 1/2-1/2

[Event "45th Olympiad 2024"]
[Site "Budapest HUN"]
[Date "2024.09.22"]
[Round "11.86"]
[Board "3"]
[White "Adam, Jamal"]
[Black "Kasongo Kazadi Olivier"]
[Result "1-0"]
[WhiteElo "2013"]
[BlackElo "1794"]
[PlyCount "53"]
[EventDate "2024.09.11"]
[WhiteTeam "Chad"]
[BlackTeam "Democratic Republic of the Congo"]
[WhiteTeamCountry "CHD"]

1. e4 e5 2. Nf3 Nc6 3. Bc4 h6 4. d4 exd4 5. c3 Qf6 ({RR} 5... d3 6. O-O d6 7. Bxd3 Be7 8. c4 Bf6 9. h3 Nge7 10. Qd2 g5 11. Nc3 Ne5 12. Be2 N7g6 13. Nd5 Nxf3+ 14. Bxf3 Be5 15. Bh5 Nf4 16. Qd1 Be6 17. Bxf4 gxf4 18. Qf3 Bxd5 19. cxd5 O-O 20. Rac1 {1-0 Svidler,P (2455)-Blatny,P (2515) Peer Gynt Gausdal 1992 (2)}) ({RR} 5... Nf6 6. O-O d5 7. exd5 Nxd5 8. Re1+ Be7 9. Nxd4 O-O 10. Bxd5 Qxd5 11. Nxc6 Qxc6 12. Rxe7 Be6 13. Bf4 Rad8 14. Qe1 Qe4 15. Be3 Qc6 16. Nd2 Qd6 17. Rxe6 Qxe6 18. Nf3 Rfe8 19. Qf1 a6 20. Re1 {0-1 Rodrigues Mota,R (2110)-Grot,B (2155) Abu Dhabi Masters Online 2024 (5)}) 6. O-O Bc5 7. e5 $146 ({RR} 7. Qb3 d6 8. a3 Nge7 9. Qc2 O-O 10. b4 Bb6 11. Bb3 Bg4 12. Ne1 Qg6 13. Qd3 Ne5 14. Qg3 Be2 15. Qxg6 N7xg6 16. f4 Bxf1 17. Kxf1 Ng4 18. Nf3 Ne3+ 19. Bxe3 dxe3 20. f5 Nf4 21. g3 Nd3 {0-1 Kolsek,J (1500)-Urbanc,S (1685) Sentjur Ipavec Memorial 10th 2009 (8)}) 7... Qg6 8. cxd4 Bb6 9. Nc3 a6 10. d5 Nd8 11. Bd3 Qh5 12. Ne4 Ne7 13. Re1 O-O 14. Ng3 Qg4 15. Re4 Qg6 16. Nh4 Bxf2+ 17. Kxf2 Qb6+ 18. Be3 Qxb2+ 19. Kg1 Nxd5 20. Bd4 Qa3 21. Nhf5 Ne6 22. Rg4 Kh8 23. Nxg7 Nxd4 24. Qd2 Ne2+ 25. Nxe2 Qc5+ 26. Nd4 Qb6 27. Nge6 1-0

[Event "45th Olympiad 2024"]
[Site "Budapest HUN"]
[Date "2024.09.22"]
[Round "11.87"]
[Board "2"]
[White "Roberts, Gennard"]
[Black "Bonne, Robin"]
[Result "1-0"]
[WhiteElo "1582"]
[BlackElo "1707"]
[PlyCount "113"]
[EventDate "2024.09.11"]
[WhiteTeam "Grenada"]
[BlackTeam "Seychelles"]
[WhiteTeamCountry "GRA"]
[BlackTeamCountry "SEY"]

1. c4 Nf6 2. g3 g6 3. Bg2 Bg7 4. Nf3 d6 5. O-O O-O 6. Nc3 c6 7. d3 Nbd7 8. Rb1 Re8 ({RR} 8... d5 9. cxd5 cxd5 10. Qb3 Nb6 11. Be3 Bg4 12. Bd4 Bxf3 13. Bxf3 e6 14. Bc5 Re8 15. e4 dxe4 16. dxe4 Nfd7 17. Be3 Ne5 18. Be2 Nc6 19. Rfd1 Nd4 20. Bxd4 Bxd4 21. e5 f6 22. Bb5 Rf8 23. Qxe6+ {1-0 Andersson,U (2605)-Kotronias,V (2560) EU-chT (Men) 10th 1992 (9.1)}) 9. Bd2 $146 ({RR} 9. b4 Ng4 10. h3 Nxf2 11. Rxf2 Bxc3 12. Bh6 Ne5 13. Qb3 Nxf3+ 14. Rxf3 Bd4+ 15. e3 Bf6 16. Rbf1 Qb6 17. g4 Be6 18. a3 d5 19. R3f2 dxc4 20. dxc4 a5 21. Bf4 axb4 22. axb4 Qa6 23. Rc1 b5 {½-½ Hartmann,L (1936)-Steingraeber,K (1770) GER-ch Net qual4 U25 blitz 2009 (3)}) ({RR} 9. b4 d5 10. b5 e5 11. bxc6 bxc6 12. cxd5 Nxd5 13. Ne4 N7f6 14. Bg5 Qc7 15. Nxf6+ Nxf6 16. Qc2 Be6 17. a4 Rac8 18. Rfc1 Bd5 19. Bxf6 Bxf6 20. Nd2 Qd7 21. Ne4 Bg7 22. Nc5 Qe7 23. Rb7 Rc7 {1-0 Didok,D (1770)-Nikulenkov,A (2218) All Ukranian Rapid 2024 (5.20)}) ({RR} 9. b4 Ng4 10. Bd2 Nde5 11. Ne1 f5 12. b5 Bd7 13. Nc2 Rb8 14. a4 Nf6 15. Qc1 Qc8 16. Qa3 Nf7 17. a5 e6 18. a6 d5 19. axb7 Rxb7 20. bxc6 Bxc6 21. Rxb7 Qxb7 22. Rb1 Qd7 23. Qa6 Ba8 {1-0 Fischer,M (2037)-Koenigl,A (1758) Niederbayernliga 0405 2004 (2)}) ({RR} 9. b4 Nf8 10. b5 Bd7 11. Qb3 Qc8 12. Re1 e5 13. Ba3 c5 14. Ng5 h6 15. Nge4 Nxe4 16. dxe4 Ne6 17. Qd1 Rd8 18. Nd5 Bf8 19. Bh3 b6 20. Bc1 Kg7 21. Qd2 Ng5 22. Bg2 Bh3 23. Bh1 Qg4 {1-0 Cleto,F (2310)-Paulino,J (2129) POR-chT Portugal 1999 (3)}) 9... e6 10. b4 Rb8 11. b5 c5 12. Bg5 h6 13. Bd2 Kf8 14. Qc1 Ng8 15. Qa3 Ra8 16. Bf4 e5 17. Bd2 Ngf6 18. Ne1 Qe7 19. Nc2 Nb6 20. Qc1 Ng8 21. a4 Rb8 22. a5 Nd7 23. Ne3 Ndf6 24. Ned5 Nxd5 25. Nxd5 Qd8 26. b6 a6 27. Kh1 Bg4 28. f3 Bd7 29. e4 Bc6 30. Nc7 Re7 31. f4 Rxc7 32. bxc7 Qxc7 33. f5 f6 34. fxg6 Be8 35. g4 Qd8 36. g5 hxg5 37. Rb6 Bxg6 38. Bxg5 Bf7 39. Bh4 Bh6 40. Qb1 Qe7 41. Bh3 Bf4 42. Qb2 Bh5 43. Bg2 Nh6 44. Rb1 Ng4 45. Rxb7 Rxb7 46. Qxb7 Qxb7 47. Rxb7 Be3 48. Rb6 Nf2+ 49. Bxf2 Bxf2 50. Rxa6 Be2 51. Ra8+ Ke7 52. a6 Bxd3 53. a7 Bxc4 54. Rb8 Bd3 55. a8=Q Kf7 56. Qb7+ Kg6 57. Rg8+ 1-0

[Event "45th Olympiad 2024"]
[Site "Budapest HUN"]
[Date "2024.09.22"]
[Round "11.88"]
[Board "2"]
[White "Heim, Colin Peter"]
[Black "Cottle, Brian S"]
[Result "1/2-1/2"]
[WhiteElo "1751"]
[BlackElo "1804"]
[PlyCount "110"]
[EventDate "2024.09.11"]
[WhiteTeam "US Virgin Islands"]
[BlackTeam "Saint Vincent and the Grenadines"]

1. e4 Nf6 2. Nc3 e5 3. Bc4 Nc6 4. Nge2 Bc5 5. O-O ({RR} 5. h3 d6 6. d3 Na5 7. Na4 Nxc4 8. dxc4 Nxe4 9. O-O Bd7 10. Nxc5 Nxc5 11. f4 exf4 12. Nxf4 O-O 13. b3 Ne6 14. Nh5 Qh4 15. Bb2 Bc6 16. Bxg7 Nxg7 17. Rf4 Qxh5 {0-1 Moiseenko,V (2529)-Zverev,L (2322) ch-RUS Blitz 2023 (13.26)}) 5... d6 6. d3 Bg4 ({RR} 6... a6 7. Be3 O-O 8. a3 Nh5 9. Nd5 Ne7 10. d4 Nxd5 11. Bxd5 exd4 12. Nxd4 Nf6 13. Re1 Nxd5 14. exd5 Qh4 15. Nf3 Qh5 16. Bxc5 dxc5 17. Re7 Bg4 18. Rxc7 Rad8 19. c4 Rd6 20. h3 Bxh3 21. Nh2 {1-0 Haug,H (2319)-Sanhueza,C (2194) Titled Tue 10th Sep Early 2024 (5)}) 7. Be3 $146 ({RR} 7. Bg5 Nd4 8. Qe1 Nxc2 9. Qd2 Nxa1 10. Nd5 Bxe2 11. Qxe2 c6 12. Nxf6+ gxf6 13. Bh4 Qe7 14. Rxa1 O-O-O 15. Qf3 Qd7 16. Bxf6 Rhg8 17. Bxd8 Qxd8 18. Bxf7 Rf8 19. Be6+ Kb8 20. Qg4 Bxf2+ 21. Kh1 Bd4 {1-0 Heilmann,J (1288)-Dallinger,M (1363) GER-ch Net qual2 U14 blitz 2009 (2)}) ({RR} 7. Bg5 h6 8. Bxf6 Qxf6 9. Nd5 Qd8 10. c3 Be6 11. b4 Bb6 12. Nxb6 cxb6 13. Bxe6 fxe6 14. f4 O-O 15. b5 Ne7 16. Qb3 Qd7 17. d4 Ng6 18. dxe5 dxe5 19. fxe5 Nxe5 20. Rad1 Rxf1+ 21. Rxf1 Rf8 {0-1 Zukowska,A-Gudell,E POL-ch U10 Girls 2011 (2)}) 7... O-O 8. Qd2 Bxe3 9. fxe3 Na5 10. Bb3 Nxb3 11. axb3 a6 12. d4 c6 13. Rad1 Qe7 14. h3 Bh5 15. Rde1 Bxe2 16. Rxe2 b5 17. dxe5 Qxe5 18. Qd4 c5 19. Qxe5 dxe5 20. Rf5 Rae8 21. Kf2 b4 22. Nd5 Nxe4+ 23. Kf3 g6 24. Nf6+ Kh8 25. Nxe8 gxf5 26. Nc7 Rg8 27. g4 Ng5+ 28. Kg3 a5 29. Nd5 fxg4 30. hxg4 Kg7 31. Ne7 Ra8 32. Kh4 h6 33. Rf2 a4 34. Nf5+ Kg6 35. Ne7+ Kh7 36. Kh5 a3 37. bxa3 bxa3 38. Rf1 a2 39. Ra1 Nf3 40. Nd5 Ne1 41. Nc3 Nxc2 42. Rxa2 Rxa2 43. Nxa2 Nxe3 44. Nc1 Nc2 45. Nd3 e4 46. Nxc5 e3 47. Nd3 e2 48. g5 hxg5 49. Kxg5 e1=Q 50. Nxe1 Nxe1 51. b4 Nd3 52. b5 Nc5 53. Kf6 Kg8 54. Ke7 f5 55. Kd6 f4 1/2-1/2

[Event "45th Olympiad 2024"]
[Site "Budapest HUN"]
[Date "2024.09.22"]
[Round "11.88"]
[Board "3"]
[White "Schneider, James U"]
[Black "Hair, Justin M"]
[Result "0-1"]
[WhiteElo "1486"]
[BlackElo "1725"]
[PlyCount "102"]
[EventDate "2024.09.11"]
[WhiteTeam "Saint Vincent and the Grenadines"]
[BlackTeam "US Virgin Islands"]

1. e4 e6 2. Nc3 d5 3. d4 c5 4. Nf3 dxe4 5. Nxe4 cxd4 6. Qxd4 Nc6 ({RR} 6... Qxd4 7. Nxd4 a6 8. Be3 Nf6 9. Nxf6+ gxf6 10. g3 Nd7 11. Bg2 Ne5 12. O-O-O Ng4 13. Rhe1 Nxe3 14. Rxe3 Be7 15. f4 Rb8 16. Rde1 Bc5 17. Rd3 Bd7 18. Nf5 Bb5 19. Nd6+ Ke7 20. Nxb5 axb5 21. a3 {1-0 Nakamura,H (2787)-Naroditsky,D (2619) Bullet Chess Winners 2023 (3.7)}) ({RR} 6... Qxd4 7. Nxd4 a6 8. Bf4 Bd7 9. Nd6+ Bxd6 10. Bxd6 Nc6 11. O-O-O O-O-O 12. Bc4 Nf6 13. f3 Nxd4 14. Rxd4 Bc6 15. Rhd1 Nd5 16. Bxd5 Bxd5 17. Bg3 Bc6 18. c4 Rxd4 19. Rxd4 Rd8 20. Rxd8+ Kxd8 {½-½ Irlik,A (1983)-Lange,T (2027) World Senior Teams +65 2024 (8.3)}) 7. Qxd8+ Nxd8 8. b3 $146 ({RR} 8. Bb5+ Bd7 9. Bxd7+ Kxd7 10. O-O Be7 11. Rd1+ Ke8 12. Be3 Nc6 13. c3 Nf6 14. Nd6+ Bxd6 15. Rxd6 h6 16. Rad1 Rc8 17. b4 Nd5 18. Rd3 b6 19. b5 Nce7 20. Bd4 Nf5 21. Rc6 Ke7 22. Ne5 Rhd8 {0-1 Korosi,N (1661)-Kovacs Kalic,S (1717) Subotica-ch op 2016 (8)}) 8... Bb4+ 9. c3 Be7 10. Bd3 Nf6 11. Bb2 Nc6 12. O-O O-O 13. c4 Nxe4 14. Bxe4 Bd7 15. Rad1 Rfd8 16. a3 f5 17. Bc2 Kf7 18. Rd2 Bf6 19. Bxf6 Kxf6 20. Rfd1 Be8 21. Kf1 Rxd2 22. Rxd2 Rd8 23. b4 Rxd2 24. Nxd2 Nd4 25. Bd1 Ke5 26. Ke1 b5 27. g3 Bc6 28. f4+ Kd6 29. c5+ Kd5 30. Bf3+ Nxf3+ 31. Nxf3 a5 32. Ne5 Bb7 33. Kd2 axb4 34. axb4 h6 35. Ke3 g5 36. Ng6 Kc4 37. Ne7 Kxb4 38. c6 Ba6 39. c7 Kc3 40. c8=Q+ Bxc8 41. Nxc8 b4 42. Nd6 b3 43. Nb5+ Kb4 44. Kd2 Kxb5 45. Kc3 Ka4 46. Kb2 gxf4 47. gxf4 Kb4 48. h3 Kc4 49. h4 Kd4 50. Kxb3 Ke4 51. Kc3 Kxf4 0-1

[Event "45th Olympiad 2024"]
[Site "Budapest HUN"]
[Date "2024.09.22"]
[Round "11.89"]
[Board "2"]
[White "Bongo Akanga Ndjila, Barthelemy"]
[Black "Carbonell, Nicolas"]
[Result "1-0"]
[WhiteElo "1894"]
[BlackElo "1798"]
[PlyCount "63"]
[EventDate "2024.09.11"]
[WhiteTeam "Gabon"]
[BlackTeam "Burkina Faso"]
[WhiteTeamCountry "GAB"]
[BlackTeamCountry "BUR"]

1. d4 d5 2. c4 Nf6 3. cxd5 Bf5 4. Nc3 Nxd5 5. Qb3 Nxc3 ({RR} 5... Nb6 6. e4 Bg6 7. Nf3 e6 8. a4 a5 9. Bg5 Be7 10. Bb5+ N8d7 11. Bxe7 Qxe7 12. Bxd7+ Qxd7 13. Ne5 Qxd4 14. Qb5+ Ke7 15. Rd1 Qb4 16. Nxg6+ hxg6 17. Qg5+ Ke8 18. O-O c6 19. Qe5 Qe7 20. Qxg7 {0-1 Nesterov,A (2566)-Ponkratov,P (2631) Aktobe Dvorkovich Rapid op 2022 (5)}) 6. bxc3 Bc8 $146 ({RR} 6... Qc8 7. Nf3 e6 8. e3 Nc6 9. Be2 Bd6 10. O-O O-O 11. Bb2 Rb8 12. Nd2 Qd8 13. e4 Bg6 14. Bd3 Bh5 15. Qc2 Bf4 16. e5 Bxd2 17. Qxd2 Qd7 18. Qc2 Bg6 19. Bxg6 hxg6 20. Rad1 Rfd8 21. c4 {1-0 Pacan Milej,K (1558)-Janczak,D (1336) POL Olympiad U12 2014 (1.19)}) ({RR} 6... Nd7 7. Qxb7 e6 8. Nf3 Bd6 9. g3 Rb8 10. Qc6 Rb6 11. Qa4 h5 12. Bg2 h4 13. Nxh4 Rxh4 14. gxh4 Qxh4 15. Qxa7 e5 16. a4 exd4 17. a5 Rb3 18. Qxd4 Qxd4 19. cxd4 Nb8 20. a6 Bb4+ 21. Kd1 {1-0 Rietze,C (2341)-Tymrakiewicz,R (2168) Titled Tue 9th Jan Early 2024 (8)}) ({RR} 6... e6 7. f3 Bd6 8. e4 Qh4+ 9. g3 Bxg3+ 10. hxg3 Qxh1 11. exf5 Qxg1 12. Qxb7 O-O 13. Qxa8 exf5 14. Bf4 Re8+ 15. Kd2 Qf2+ 16. Kd3 g5 17. Bxg5 c6 18. Bf4 Qb2 19. Rc1 a6 20. a4 Qf2 21. Rb1 {1-0 Ibanez,E-Cristia,J ARG-ch09 Challenger 1931 (4)}) ({RR} 6... b6 7. e3 e6 8. Bb5+ c6 9. Be2 Be7 10. Nf3 Nd7 11. O-O O-O 12. Nd2 Nf6 13. Bf3 Rc8 14. e4 Bg6 15. e5 Nd5 16. Ne4 c5 17. c4 Nb4 18. dxc5 Bxc5 19. Nxc5 bxc5 20. Be3 Qc7 21. Bf4 {½-½ Charbonneau,A (2048)-Xia,A Toronto zt 2.2 (Women) 2004 (2)}) 7. e4 e6 8. Nf3 Be7 9. Bb5+ c6 10. Bd3 Nd7 11. e5 Nb6 12. Bd2 c5 13. a4 O-O 14. a5 Nd5 15. c4 Nc7 16. Be4 cxd4 17. a6 b6 18. Bxa8 Nxa8 19. Qd3 Bc5 20. Ng5 g6 21. Qh3 h5 22. g4 Be7 23. Qh4 f6 24. exf6 Bxf6 25. gxh5 Rf7 26. Nxf7 Bxh4 27. Nxd8 Bxd8 28. hxg6 Nc7 29. h4 Bf6 30. h5 e5 31. Ra3 Ne6 32. Rf3 1-0

[Event "45th Olympiad 2024"]
[Site "Budapest HUN"]
[Date "2024.09.22"]
[Round "11.90"]
[Board "1"]
[White "Kim, Sanker"]
[Black "Tan, Santiago Jr"]
[Result "1/2-1/2"]
[WhiteElo "1564"]
[BlackElo "1903"]
[PlyCount "71"]
[EventDate "2024.09.11"]
[WhiteTeam "Cambodia"]
[BlackTeam "Palau"]
[WhiteTeamCountry "CMB"]
[BlackTeamCountry "PAL"]

1. d4 g6 2. c4 d5 3. cxd5 Bg7 $146 ({RR} 3... Nf6 4. Qa4+ Nbd7 5. Nc3 Bg7 6. e4 O-O 7. Nf3 Nb6 8. Qc2 Ne8 9. Bd3 h5 10. e5 Kh8 11. h4 f5 12. Rh3 f4 13. Bxg6 Bxh3 14. gxh3 Bh6 15. Bxh5 Rg8 16. Qf5 Nxd5 17. Bf7 Rf8 18. Qh5 {1-0 Marshall,F-Gunsberg,I Monte Carlo 1904 (2)}) ({RR} 3... Nf6 4. Qa4+ c6 5. dxc6 Nxc6 6. Nf3 Bg7 7. Nc3 O-O 8. e3 e5 9. dxe5 Nd7 10. Be2 Ndxe5 11. Nxe5 Nxe5 12. O-O Bd7 13. Qb3 Bc6 14. e4 a5 15. Be3 a4 16. Qb4 a3 17. b3 Nd3 18. Bxd3 {0-1 Bobadilla Viera,J (2397)-Boros,D (2399) Titled Tue 5th Sep Early 2023 (4)}) ({RR} 3... Nf6 4. h4 Bg7 5. Nc3 Nxd5 6. h5 c5 7. e3 Nc6 8. h6 Bf6 9. Ne4 cxd4 10. Nxf6+ exf6 11. exd4 O-O 12. Nf3 Qa5+ 13. Bd2 Qb6 14. Bc4 Re8+ 15. Kf1 Be6 16. b3 Rad8 17. Rh4 Nc7 18. Be3 {0-1 Pham Le Thao Nguyen (2380)-Boros,D (2399) Titled Tue 12th Sep Early 2023 (4)}) ({RR} 3... Qxd5 4. Nc3 Qa5 5. Nf3 Bg7 6. Bd2 c6 7. e4 Qb6 8. Bc4 Bxd4 9. Nxd4 Qxd4 10. Qb3 Qg7 11. O-O Nd7 12. Rfe1 Ne5 13. f4 Nxc4 14. Qxc4 Nh6 15. Qc5 Bd7 16. Rad1 b6 17. Qa3 Bg4 18. Ne2 {½-½ Stahlberg,G-Alekhine,A Kemeri International-01 1937 (11)}) ({RR} 3... Nf6 4. Qa4+ c6 5. dxc6 Nxc6 6. e3 Bg7 7. Nf3 O-O 8. Be2 Bd7 9. Nc3 e5 10. dxe5 Nxe5 11. Qd1 Qe7 12. O-O Rfd8 13. Nd4 Nc6 14. Bf3 Rac8 15. Bd2 Ne5 16. Be2 Bf5 17. Qb3 Bd3 18. Rfd1 {1-0 Schmidt,P-Keres,P Parnu 1937 (1)}) 4. Nc3 c6 5. e4 cxd5 6. e5 a6 7. h3 Nc6 8. Nf3 e6 9. Bd3 Nge7 10. O-O b5 11. a3 Bb7 12. b4 Rc8 13. Bd2 Qb6 14. Rc1 O-O 15. Be3 Na7 16. Qd2 Rc7 17. Bh6 Rfc8 18. Bxg7 Kxg7 19. Qg5 Ng8 20. Ne2 h6 21. Qf4 Bc6 22. Ng3 Be8 23. h4 Rxc1 24. Rxc1 Rxc1+ 25. Qxc1 a5 26. h5 axb4 27. axb4 Nc6 28. Qb2 Qa6 29. hxg6 fxg6 30. Ne1 Qa4 31. Nc2 h5 32. Ne2 Qa6 33. Qa3 Qb7 34. Nc3 Na7 35. Qa5 Ne7 36. Qa3 1/2-1/2

[Event "45th Olympiad 2024"]
[Site "Budapest HUN"]
[Date "2024.09.22"]
[Round "11.90"]
[Board "2"]
[White "Salvadora, Angelo"]
[Black "El, Rozak"]
[Result "0-1"]
[WhiteElo "1812"]
[BlackElo "1514"]
[PlyCount "100"]
[EventDate "2024.09.11"]
[WhiteTeam "Palau"]
[BlackTeam "Cambodia"]
[WhiteTeamCountry "PAL"]
[BlackTeamCountry "CMB"]

1. e4 c5 2. Nf3 Nc6 3. Bc4 e6 4. O-O d5 5. exd5 exd5 6. Bb5 Nf6 7. Re1+ Be7 8. Qe2 ({RR} 8. Ne5 Bd7 9. Bxc6 bxc6 10. d3 O-O 11. Bg5 Re8 12. Nd2 Rc8 13. Nb3 Bf5 14. Qf3 Be6 15. d4 Ne4 16. Bxe7 Qxe7 17. dxc5 Nxc5 18. Qe3 Nxb3 19. axb3 c5 20. Nd3 Qc7 21. Nf4 h6 22. h3 Qd7 {1-0 Shyam,S (2497)-Vignesh,B (2258) 1st Bangalore Int Open 2024 (5.24)}) ({RR} 8. d4 O-O 9. dxc5 Bxc5 10. Be3 Qb6 11. Bxc5 Qxc5 12. Bxc6 bxc6 13. Nc3 Bg4 14. Qd4 Qxd4 15. Nxd4 c5 16. Nc6 d4 17. Na4 Kh8 18. Ne5 Bf5 19. Nxc5 Bxc2 20. Rac1 Bg6 21. Red1 Rfe8 22. Nxg6+ hxg6 {1-0 Atabayev,M (2426)-Gerayeli,K (2040) 20th Caspian Cup 2024 (1.3)}) 8... h6 9. Ne5 Bd7 10. Nxd7 Nxd7 $146 ({RR} 10... Qxd7 11. d3 a6 12. Bxc6 bxc6 13. Nc3 Kf8 14. Bf4 Re8 15. Qe5 Ng4 16. Qe2 Bh4 17. Qxe8+ Qxe8 18. Rxe8+ Kxe8 19. f3 Nf6 20. Na4 Nd7 21. Bd6 Bf6 22. Re1+ Kd8 23. c3 c4 24. dxc4 dxc4 25. Re4 {1-0 Torres,J (1693)-Corpus,J (1935) Pan American-ch 2012 (2)}) 11. Nc3 Nd4 12. Bxd7+ Qxd7 13. Qd1 O-O 14. Re5 Rad8 15. Rxd5 Qe6 16. Rh5 Nxc2 17. Rb1 Qg6 18. d3 Nb4 19. Rh3 Rxd3 20. Rxd3 Nxd3 21. Be3 Rd8 22. Qe2 a6 23. Bxh6 Bf6 24. Be3 b5 25. Rd1 c4 26. Rd2 Re8 27. h3 Bd4 28. Qf3 Bxe3 29. fxe3 Qg5 30. Nd1 Re6 31. Qa8+ Kh7 32. Qf3 Rf6 33. Qe2 Nc1 34. Qe1 Nxa2 35. Nf2 Qg6 36. Ng4 Rf5 37. e4 Rh5 38. e5 b4 39. Rd6 Qc2 40. e6 fxe6 41. Rxe6 Qc1 42. Qxc1 Nxc1 43. Rxa6 Nd3 44. Rb6 Ra5 45. Ne3 Ra1+ 46. Kh2 Rc1 47. Kg3 b3 48. Kf3 Nxb2 49. Nxc4 Nxc4 50. Rxb3 Nd2+ 0-1

[Event "45th Olympiad 2024"]
[Site "Budapest HUN"]
[Date "2024.09.22"]
[Round "11.91"]
[Board "1"]
[White "Yacouba, Souley Moussa"]
[Black "Murphy, Jones"]
[Result "0-1"]
[WhiteElo "1645"]
[BlackElo "2021"]
[PlyCount "72"]
[EventDate "2024.09.11"]
[WhiteTeam "Niger"]
[BlackTeam "Dominica"]
[WhiteTeamCountry "NIG"]

1. d4 Nf6 2. Bf4 Nh5 3. Bg5 h6 4. Bd2 ({RR} 4. Bh4 g5 5. e3 Nf6 6. Bg3 Bg7 7. Bd3 d6 8. Nd2 Nc6 9. c3 e5 10. Qc2 Qe7 11. O-O-O Be6 12. h4 g4 13. h5 O-O-O 14. Ne2 Kb8 15. Bh4 Qd7 16. Ng3 d5 17. Nf5 Bxf5 18. Bxf5 Qd6 {0-1 Ponomariov,R (2744)-Andreikin,D (2683) Wch Blitz 5th 2010 (27)}) ({RR} 4. Bh4 c5 5. e3 g6 6. c3 Qb6 7. Qb3 d5 8. Be2 Ng7 9. Bg3 c4 10. Qxb6 axb6 11. Bf3 e6 12. e4 dxe4 13. Bxe4 Nd7 14. Nd2 b5 15. Ngf3 Nf5 16. O-O Nxg3 17. hxg3 Nb6 18. Ne5 Bd6 {1-0 Larkin,V (2436)-Petkov,V (2417) 11th Famalicao Open 2024 (7.1)}) 4... Nf6 5. Nf3 $146 ({RR} 5. Nc3 d5 6. Bf4 c6 7. e3 Bf5 8. f3 Nbd7 9. g4 Bh7 10. h4 e6 11. Bd3 b5 12. Bxh7 Nxh7 13. Nge2 Be7 14. Bg3 a5 15. Qd3 a4 16. a3 Nb6 17. Kf2 Nc4 18. Rab1 Bd6 19. e4 Bxg3+ {0-1 Osmonbekov,T (2137)-Prydun,A (2134) Titled Tue 25th Apr Late 2023 (11)}) 5... g6 6. Nc3 Bg7 7. e4 d6 8. h3 c6 9. Be2 b5 10. b4 a5 11. Rb1 axb4 12. Rxb4 Na6 13. Rb3 b4 14. Bxa6 bxc3 15. Bxc3 Bxa6 16. Nd2 Nd7 17. Qb1 O-O 18. Bb2 c5 19. dxc5 Nxc5 20. Bxg7 Kxg7 21. Qa1+ Kh7 22. Re3 Qa5 23. h4 Rfb8 24. Rhh3 Rb4 25. f3 Rab8 26. Qc3 Qxa2 27. Kf2 Rb2 28. Re1 Rxc2 29. Qe3 Nd3+ 30. Kg3 Nxe1 31. Qxe1 Rxd2 32. Rh2 Rb1 33. Qe3 Bf1 34. h5 Rxg2+ 35. Rxg2 Qxg2+ 36. Kf4 Qg5# 0-1